Normal view
MARC view
Entry Personal Name
001 - CONTROL NUMBER
- control field: 13516
003 - CONTROL NUMBER IDENTIFIER
- control field: ARRUPE
005 - DATE AND TIME OF LATEST TRANSACTION
- control field: 20150106115215.0
008 - FIXED-LENGTH DATA ELEMENTS
- fixed length control field: 150106|| aca||aabn | a|a d
040 ## - CATALOGING SOURCE
- Original cataloging agency: ARRUPE
- Transcribing agency: ARRUPE
100 ## - HEADING--PERSONAL NAME
- Personal name: Weinberg , Steven
670 ## - SOURCE DATA FOUND
- Source citation: Work cat.: (ARRUPE)100868: Weinberg , Steven, Dreams of a final theory